Internet for Everyone (Record no. 928)

MARC details
000 -LEADER
Fixed length control field 00451nam a2200169 4500
003 - CONTROL NUMBER IDENTIFIER
Control field SEACOMMC
005 - DATE AND TIME OF LATEST TRANSACTION
Control field 20250429114508.0
008 - FIXED-LENGTH DATA ELEMENTS--GENERAL INFORMATION
Fixed length control field 241223b |||||||| |||| 00| 0 eng d
020 ## - INTERNATIONAL STANDARD BOOK NUMBER / ISBN
International Standard Book Number 81-259-0530-8
Price Rs.150.00
040 ## - CATALOGING SOURCE
Original cataloging agency SEACOMMC
082 ## - DEWEY DECIMAL CLASSIFICATION NUMBER
Classification number 004.678
Book Number L 579
100 ## - MAIN ENTRY--PERSONAL NAME
Personal name Leon, Alexis
245 1# - TITLE STATEMENT
Title Internet for Everyone
Statement of responsibility Alexis Leon [and] Mathews Leon
260 ## - IMPRINT
Place of publication New Delhi
Name of publisher Leon-Vikas
Date of publication 1998
650 ## - SUBJECT ADDED ENTRY--TOPICAL TERM
Topical term Computer Science
942 ## - ADDED ENTRY ELEMENTS (KOHA)
Koha item type Books
Holdings
Withdrawn status Lost status Source of classification Damaged status Not for loan Home library Current library Shelving location Date acquired Total Checkouts Call number Accession number Date last seen Price effective from Koha item type Copy number
    Dewey Decimal Classification     SEACOM MANAGEMENT COLLEGE SEACOM MANAGEMENT COLLEGE Reference 12/12/2007   004.678 L 579 M-1295 23/12/2024 23/12/2024 Books  
    Dewey Decimal Classification     SEACOM MANAGEMENT COLLEGE SEACOM MANAGEMENT COLLEGE   12/12/2007   004.678 L 579 M-1296 23/12/2024 23/12/2024 Books 1
    Dewey Decimal Classification     SEACOM MANAGEMENT COLLEGE SEACOM MANAGEMENT COLLEGE   12/12/2007   004.678 L 579 M-1297 23/12/2024 23/12/2024 Books 2
    Dewey Decimal Classification     SEACOM MANAGEMENT COLLEGE SEACOM MANAGEMENT COLLEGE   12/12/2007   004.678 L 579 M-1298 23/12/2024 23/12/2024 Books 3
© Seacom Engineering College, All rights reserved.    Powered by Koha